| 000 | 01148nam a2200241Ia 4500 | ||
|---|---|---|---|
| 003 | Ost | ||
| 005 | 20260507075723.0 | ||
| 008 | 260507s9999||||xx |||||||||||||| ||und|| | ||
| 020 | _ai345232977 | ||
| 040 | _cfsecg | ||
| 041 | _aara | ||
| 082 | _a338.4791 | ||
| 100 |
_aالجلاد، أحمد _eمؤلف |
||
| 245 | 0 |
_aدراسات بيئية : _bالتنمية والاعلام السياحي المستدام / _c أحمد الجلاد |
|
| 260 |
_aالقاهرة: _bعالم الكتب, _c2003 |
||
| 300 | _c25 سم | ||
| 504 | _aبيبليوغرافيا ص.180 | ||
| 520 | _aالاعلام والتنمية السياحية المستدامة،التخطيط واستراتيجية التنمية السياحية،الأسس النظرية لدراسة الإعلام السياحي،الإعلام وأشكال الإتصال(الإعلان،الدعاية،العلاقات العامة)،الإعلام والقضايا البيئية المستدامة،التخطي الاستراتيجي للإعلام البيئي السياحي | ||
| 653 | _aبيئة | ||
| 653 | _aتنمية | ||
| 653 | _aسياحة | ||
| 942 | _cكتاب | ||
| 999 |
_c45951 _d45951 |
||